[Event "XVI Ugra Cup 2020"]
[Site "Khanty-Mansiysk"]
[Date "2020.12.04"]
[Round "5.8"]
[White "Sharikov, Alexander"]
[Black "Demchenko, Anton"]
[Result "0-1"]
[WhiteElo "2202"]
[BlackElo "2626"]
[Annotator "TA"]
[PlyCount "40"]
[EventDate "2020.11.30"]
[EventType "swiss"]
[EventCountry "RUS"]
[SourceTitle "playchess.com"]
[Source "ChessBase"]
[SourceQuality "1"]

{[%evp 16,40,48,19,27,25,29,20,33,16,14,0,0,0,0,0,0,0,24,24,11,-65,0,0,0,-99,-98]} 1. d4 Nf6 2. Nf3 g6 3. c4 Bg7 4. g3 O-O 5. Bg2 d6 6. O-O Nbd7 7. Nc3 e5 8. e4 Re8 9. Be3 b6 $5 {[%mdl 4] [#] A promising side line. E68: King's Indian: Fianchetto: 6...Nbd7 7 0-0 e5 8 e4.} 10. d5 $146 ({Predecessor:} 10. Qe2 exd4 11. Nxd4 Bb7 12. f3 Qe7 13. Rad1 d5 14. cxd5 Nxd5 15. Nxd5 Bxd5 16. Qc2 Nc5 17. Nf5 gxf5 18. Rxd5 fxe4 {½-½ (34) Szczepanski,Z (2463)-Nekhaev,A (2503) ICCF email 2018}) 10... Nc5 11. Ne1 a5 {The position is equal.} 12. f3 Nh5 13. a3 a4 14. Bxc5 bxc5 15. Nxa4 Bh6 16. Kh1 $1 Rb8 17. Rb1 f5 18. b4 (18. Nc3 $11) 18... cxb4 ({Better is} 18... Ra8 $1 $15) 19. axb4 $11 Qg5 {Threatens to win with ...Ra8.} 20. Qe2 {[#]} (20. Qd3 $1 $11 {was the only way to keep the balance.}) 20... Qxg3 $1 {[%mdl 512] Weighted Error Value: White=0.23/Black=0.08} 0-1

[Event "XVI Ugra Cup 2020"]
[Site "Khanty-Mansiysk"]
[Date "2020.12.04"]
[Round "5.9"]
[White "Tsydypov, Zhamsaran"]
[Black "Skvortsov, Andrei"]
[Result "1-0"]
[WhiteElo "2558"]
[BlackElo "2126"]
[Annotator "TA"]
[PlyCount "112"]
[EventDate "2020.11.30"]
[EventType "swiss"]
[EventCountry "RUS"]
[SourceTitle "playchess.com"]
[Source "ChessBase"]
[SourceQuality "1"]

{[%evp 11,112,-63,0,-26,0,0,0,-65,-23,-41,-8,-30,0,0,331,0,0,-171,-166,-154,-164,-173,-195,-189,-177,-207,-149,-155,-155,-148,-180,-224,-124,-143,0,0,0,0,0,0,6,2,1,5,25,27,92,96,115,94,134,39,97,0,0,0,8,0,0,0,17,0,28,20,37,0,4,0,0,-4,-10,-8,252,254,336,323,329,318,331,296,316,276,276,262,315,320,304,307,388,300,346,330,531,526,553,553,748,735,718,693,770,752,854]} 1. e4 e5 2. f4 exf4 3. Nf3 g5 4. Bc4 g4 5. Ne5 Qh4+ 6. Kf1 Nh6 (6... f3 $5 7. d4 (7. gxf3 Nf6 $17) (7. Bxf7+ Kd8 $17) 7... Nh6 $15) 7. d4 {C37: King's Gambit Accepted: Muzio Gambit.} d6 (7... f3 $5) 8. Nd3 f3 9. g3 (9. Nf4 $11) 9... Qe7 {[#]} 10. Bf4 $146 ({Predecessor:} 10. Nc3 c6 11. Bf4 Bg7 12. Qd2 Ng8 13. e5 d5 14. Bxd5 cxd5 15. Nxd5 Qd8 16. c4 {1-0 (31) Fiedler,H (2188)-Glinzer,C (2085) Germany 2013}) 10... Qxe4 {White must now prevent ...Nf5.} 11. Nc3 Qxd4 12. Qe1+ Kd8 $2 {[%mdl 8192]} (12... Be7 $1 $11 13. Bb5+ c6 14. Bxh6 Be6) 13. Ne5 $2 (13. Bg5+ $1 $18 Kd7 14. Bb3) 13... Be6 $11 (13... dxe5 $2 14. Rd1 $18) 14. Bg5+ $2 (14. Bxe6 $1 $11 {and White is okay.} fxe6 15. Rd1) 14... Kc8 $19 15. Bxe6+ fxe6 16. Rd1 Qc5 {[%mdl 64] Pin} ({Avoid the trap} 16... Qxe5 $2 17. Qxe5 Nd7 18. Qxh8 $18) 17. b4 Qxb4 (17... Qxe5 $2 18. Qxe5 Nd7 19. Qxh8 $18) 18. Rb1 Qd4 19. Nd3 Qg7 $1 {[%cal Rg7g5]} 20. Qxe6+ Qd7 21. Qe4 {[%csl Gb1][%cal Re4b7] [#]} Nc6 (21... c6 $1 $19 22. h3 Nf5) 22. Nd5 $17 Nf7 ({Black should play} 22... Qf7 $17 {And now ...Rg8 would win.} 23. Re1 Bg7 24. Bxh6 Bxh6 25. Qxg4+ Qd7) 23. Bf6 $11 Rg8 24. Qxh7 Nh6 ({Don't go for} 24... Qe6 $2 25. N3f4 $18) 25. Qxd7+ Kxd7 26. Rxb7 Rc8 $132 {[%mdl 2048] Black puts up resistance} 27. h3 Nf5 28. Kf2 Nfe7 (28... gxh3 $11 29. Rxh3 Nce7 30. Bxe7 Kc6) 29. Bxe7 $16 Bxe7 {[#]} 30. hxg4 $1 {Rh7 is the strong threat.} Rg7 31. c3 ({Don't play} 31. Kxf3 $6 Rf8+ 32. N3f4 Bd8 $14) (31. N3f4 $16) 31... Bg5 (31... Ne5 $14 32. Nxe5+ dxe5) 32. Kxf3 (32. c4 $16) 32... Rf8+ $1 $11 33. Kg2 Kc8 34. Rhb1 Bd8 35. Nf2 Rg5 36. Nf4 {Threatening Ne6.} Re8 37. R7b5 Ne5 38. Rb8+ Kd7 39. Ne4 {Strongly threatening Rxd8+!} Rxg4 40. Ra8 Nc6 41. Re1 {next Nf6+! is good for White.} Rgg8 $2 {[%mdl 8192]} (41... Re5 $11 {and Black stays safe.}) 42. Nd5 $18 {White wants to mate with Nef6+!} Ref8 {[#]} 43. Nef6+ $1 {[%mdl 576] Deflection} Bxf6 44. Nxf6+ Rxf6 45. Rxg8 {[%mdl 4096] Endgame KRR-KRN} Ne5 46. Rg7+ Kc6 47. Re4 a5 48. g4 Rf8 49. g5 Rf5 50. Rh4 Kd5 51. Rh3 c5 $2 (51... Ke6 {is a better defense.} 52. Rg3 Rf7) 52. Rg3 {White is clearly winning.} Rf4 53. g6 Rf8 54. Ra7 Rg8 55. g7 Ke4 56. Rxa5 Kf4 {What a bad dream for Black.  Weighted Error Value: White=0.31/Black=0.42} 1-0

[Event "XVI Ugra Cup 2020"]
[Site "Khanty-Mansiysk"]
[Date "2020.12.04"]
[Round "5.10"]
[White "Iljiushenok, Ilia"]
[Black "Fomkin, Dmitry"]
[Result "1-0"]
[WhiteElo "2539"]
[BlackElo "1949"]
[Annotator "TA"]
[PlyCount "53"]
[EventDate "2020.11.30"]
[EventType "swiss"]
[EventCountry "RUS"]
[SourceTitle "playchess.com"]
[Source "ChessBase"]
[SourceQuality "1"]

{[%evp 13,53,29,29,21,97,89,90,75,136,135,145,125,154,174,216,209,399,212,396,395,423,430,471,467,708,482,898,687,695,695,677,680,679,686,670,677,941,918,1222,971,1177,1171]} 1. e4 c5 2. Nc3 d6 3. f4 Nc6 4. Nf3 g6 5. Bb5 Bg7 6. Bxc6+ bxc6 7. d3 Rb8 8. h3 {B23: Closed Sicilian: Lines without g3.} e6 {[#]} (8... Ba6 $11) 9. O-O $146 ({Predecessor:} 9. e5 dxe5 10. fxe5 Ne7 11. Ne4 O-O 12. b3 Nf5 13. Bg5 Qa5+ 14. Qd2 Qxd2+ 15. Kxd2 Nd4 {1-0 (47) Cherniaev,A (2501)-Rajlich,V (2304) Sunningdale 2007}) 9... Ne7 10. e5 {White is better.} d5 ({Black should play} 10... Nf5) 11. Na4 $16 Qa5 12. c4 O-O 13. b3 dxc4 14. dxc4 Rd8 $2 {[#]} (14... Nf5 {was called for.} 15. Qd2 (15. Bd2 Qc7 $18) 15... Qxd2 16. Bxd2 Nd4 17. Nxc5 Nxf3+ 18. Rxf3 Rd8) 15. Qe1 (15. Bd2 $142 Qc7 16. Qe1 (16. Nxc5 Qb6 $16)) 15... Qc7 $2 (15... Qxe1 16. Rxe1 Nf5 17. Nxc5 Bf8) 16. Bd2 $18 Bh6 17. g4 {White is clearly winning.} Rf8 18. Ba5 ({Weaker is} 18. Qh4 Bg7 $18) 18... Qd7 (18... Rb6 $142 19. Qe3 Ba6 20. Nxc5 Bc8) 19. Rd1 Qe8 (19... Nd5 $142 20. cxd5 cxd5) 20. Rd8 Qxd8 21. Bxd8 Rxd8 22. Qh4 Bf8 23. Ng5 {[%csl Gg5][%cal Rh4h7] [#]} h6 24. Ne4 Rd3 25. Naxc5 Re3 26. Qf2 Rxh3 27. Kg2 {Black did not feel at home in the position after the opening.  Weighted Error Value: White=0.46/Black=0.63} 1-0

[Event "XVI Ugra Cup 2020"]
[Site "Khanty-Mansiysk"]
[Date "2020.12.05"]
[Round "6.1"]
[White "Savchenko, Boris"]
[Black "Sarana, Alexey"]
[Result "0-1"]
[WhiteElo "2551"]
[BlackElo "2636"]
[Annotator "TA"]
[PlyCount "118"]
[EventDate "2020.11.30"]
[EventType "swiss"]
[EventCountry "RUS"]
[SourceTitle "playchess.com"]
[Source "ChessBase"]
[SourceQuality "1"]

{[%evp 14,118,12,3,17,13,27,26,33,38,35,36,89,85,95,78,79,71,71,71,71,68,79,81,89,65,95,67,102,90,104,87,93,52,47,30,47,43,61,61,81,28,73,78,51,44,43,43,150,81,85,38,29,10,23,0,0,-6,-26,-17,0,-170,-47,-59,-96,-159,-155,-166,-160,-162,-184,-144,-145,-414,-413,-404,-220,-452,-461,-464,-452,-606,-612,-584,-582,-684,-503,-597,-644,-606,-480,-519,-496,-539,-549,-664,-461,-881,-819,-1243,-1305,-1597,-1561,-1400,-1329,-29989,-29990]} 1. e4 c5 2. Nf3 d6 3. Bd3 g6 4. O-O Bg7 5. Bb5+ Nd7 6. Re1 Ngf6 7. c3 a6 8. Bf1 O-O {B50: Sicilian: 2...d6, Miscellaneous.} 9. a4 $5 {[%mdl 4] An interesting side line.} b6 10. d4 Bb7 {White has an edge.} 11. d5 Qc7 12. c4 e5 (12... Rfe8 $14) 13. Nc3 $16 Nh5 14. a5 bxa5 15. Nd2 Bh6 16. Nb3 Bxc1 17. Qxc1 Rab8 18. Nxa5 Ba8 19. Ra3 Rb6 20. Nd1 Rfb8 21. Ree3 Ndf6 22. Qc2 (22. g3 {seems wilder.} Ng7 23. Re2 Nfh5 24. Nc3 Qd7 25. f3) 22... Bb7 23. Nxb7 Qxb7 24. Qd2 Ng7 25. Bd3 Qe7 26. Bc2 Nfh5 27. Reb3 (27. Re1 $16) 27... f5 28. Rxb6 Rxb6 29. Qa5 Qb7 30. exf5 gxf5 (30... Nxf5 $14 31. Bxf5 gxf5) 31. Qd2 (31. Ne3 $142) 31... Nf4 32. Rf3 Qe7 33. b3 Rb8 34. Qe1 Qg5 {[%csl Gf4][%cal Rg5g2]} 35. Ne3 e4 36. Rg3 Qf6 37. f3 $2 (37. Nf1 $11) 37... Nfh5 ({Better is} 37... Nd3 $1 $19 {[%cal Rd3e1]} 38. Qf1 f4 39. fxe4 Qd4 {[%mdl 64] Double Attack, Pin} 40. Qxd3 fxg3 41. Qxd4 cxd4) 38. Rh3 $15 Qd4 39. Kh1 ({White should try} 39. Kf1) 39... Nf4 $17 40. Rg3 {[#] Hoping for Nxf5.} Nd3 $1 $40 {[%cal Rd3e1][%mdl 128] Black attacks with force.} 41. Bxd3 exd3 42. Nf1 (42. Nxf5 $2 d2 $19) 42... Kf8 {And now ...Re8 would win.} 43. Qc1 $2 {[%mdl 8192] This move loses the game for White.} (43. f4 $17) 43... Rxb3 $19 44. h3 Qe5 (44... Qf6 $142 45. Qd1 Qc3) 45. f4 $2 (45. Kh2 Qf6 46. Qd2) 45... Qc3 46. Qd1 Ra3 ({Wrong is} 46... Qxc4 $2 47. Nd2 $18) 47. Qb1 {Threatens to win with Qb8+.} Qb4 48. Qd1 Qxc4 49. Qe1 {intending Rxg7!} Qd4 {...Ra1! is the strong threat.} 50. Qb1 Qb4 ({Inferior is} 50... Ra1 51. Qb8+ Ne8 {[#]} 52. Rg8+ $3 {[%mdl 512]} Kxg8 53. Qxe8+ Kg7 54. Qe7+ Kg8 55. Qe8+ Kg7 56. Qe7+ Kg8 57. Qe8+ $11) 51. Qd1 Qxf4 52. Rf3 Qe5 53. Qb1 h6 54. Re3 Qf6 ({Stronger than} 54... Qxd5 55. Qb8+ Kf7 56. Qc7+ Kg8 57. Re7 $11) 55. Qb8+ (55. Rxd3 $142 Ra1 56. Qb8+ Kf7 57. Rf3) 55... Kf7 56. Kh2 {[#]} d2 $1 {White must now prevent ...Rxe3.} 57. Qa7+ (57. Nxd2 Rxe3) 57... Kg8 {( -> ...Rxe3)} 58. Rxa3 d1=Q 59. Ng3 Qfd4 {Accuracy: White = 55%, Black = 75%.} 0-1

[Event "XVI Ugra Cup 2020"]
[Site "Khanty-Mansiysk"]
[Date "2020.12.05"]
[Round "6.3"]
[White "Pridorozhni, Aleksei"]
[Black "Afanasiev, Nikita"]
[Result "1/2-1/2"]
[WhiteElo "2590"]
[BlackElo "2519"]
[Annotator "TA"]
[PlyCount "86"]
[EventDate "2020.11.30"]
[EventType "swiss"]
[EventCountry "RUS"]
[SourceTitle "playchess.com"]
[Source "ChessBase"]
[SourceQuality "1"]

{[%evp 18,86,12,9,9,18,18,8,11,9,44,35,37,42,44,46,42,52,58,52,41,37,56,42,63,31,26,14,40,24,18,9,35,32,29,20,54,59,69,32,79,79,79,82,86,66,49,0,92,26,17,33,29,29,22,0,0,0,0,-8,0,0,0,0,0,0,0,-4,0,-16,-15]} 1. e4 e5 2. Nf3 Nc6 3. Bb5 a6 4. Ba4 Nf6 5. O-O Be7 6. Re1 b5 7. Bb3 d6 8. d3 O-O 9. a4 b4 10. Nbd2 Na5 {C88: Closed Ruy Lopez: Anti-Marshall Systems.} 11. Ba2 c5 12. Nc4 Nxc4 13. Bxc4 Bg4 14. h3 Bh5 15. a5 {[#]} Qc8 $146 ({Predecessor:} 15... Kh8 16. Bg5 h6 17. Bxf6 Bxf6 18. Rf1 Qe7 19. g4 Bg6 {½-½ (46) Gonzalez Alcon,E-Martin Ramos,L ICCF email 2005}) 16. Bd2 h6 17. Re3 Nh7 18. g4 Bg6 19. Qf1 Qd8 20. Re2 Kh8 21. Kh1 Ng5 22. Nh4 Kh7 23. Qg2 Qd7 24. c3 bxc3 25. bxc3 Ne6 26. Nf3 Qd8 27. Qg3 Bf6 28. Rg1 Nf4 29. Bxf4 exf4 30. Qxf4 Bxc3 31. h4 {Strongly threatening h5.} Be5 32. Qe3 {[#] Hoping for h5.} h5 (32... f6 $11) 33. Ng5+ (33. Nxe5 $16 Qxh4+ 34. Kg2 dxe5 35. f3) 33... Kh8 $11 34. Qf3 Qf6 $1 ({Don't go for} 34... Qxa5 $2 35. gxh5 Bh7 36. h6 $18 (36. Bxf7 Qc7 $17)) 35. Kg2 Bc3 36. Re3 {The position is equal.} (36. Ra2 {is more complex.} Qxf3+ 37. Kxf3 hxg4+ 38. Kxg4 f5+ 39. Kh3) 36... Qxf3+ ({Don't play} 36... Bxa5 $6 37. Qd1 $16) 37. Rxf3 {[%cal Rg5f7]} hxg4 38. Nxf7+ Bxf7 39. Rxf7 Kh7 40. Kg3 Rxf7 41. Bxf7 Rf8 42. Bc4 Bxa5 43. Bxa6 Rf3+ {Weighted Error Value: White=0.11/Black=0.12} 1/2-1/2

[Event "XVI Ugra Cup 2020"]
[Site "Khanty-Mansiysk"]
[Date "2020.12.05"]
[Round "6.5"]
[White "Tunik, Sergey"]
[Black "Rozum, Ivan"]
[Result "0-1"]
[WhiteElo "2128"]
[BlackElo "2563"]
[Annotator "TA"]
[PlyCount "112"]
[EventDate "2020.11.30"]
[EventType "swiss"]
[EventCountry "RUS"]
[SourceTitle "playchess.com"]
[Source "ChessBase"]
[SourceQuality "1"]

{[%evp 13,112,0,0,0,0,-24,-13,-9,-5,-27,0,-19,0,0,0,0,0,0,0,0,0,0,10,0,0,-22,-22,-42,-45,-35,-21,-16,-15,-12,-12,-27,-19,-30,-30,-33,-14,-55,-29,-49,-33,-54,-33,-33,-27,-37,-35,-177,-181,-175,-171,-170,-141,-124,-102,-174,-76,-68,-68,-76,-72,-76,-62,-299,-66,-58,-20,-264,-257,-262,-256,-252,-250,-251,-256,-243,-241,-238,-243,-239,-225,-225,-210,-211,-203,-239,0,-203,0,-164,-160,-144,-130,-125,-119,-243,-241]} 1. e4 c6 2. d3 d5 3. Nd2 e5 4. Ngf3 Bd6 5. d4 exd4 6. exd5 cxd5 7. Nxd4 Nc6 8. N2f3 {B10: Caro-Kann: 2 d3 and 2 c4.} Nf6 9. Be2 O-O 10. O-O {The position is equal.} h6 11. b3 {[#]} Ne5 $146 ({Predecessor:} 11... Re8 12. Bb2 {½-½ (12) Godena,M (2523)-Genov,P (2494) Plovdiv 2003}) 12. Re1 a6 13. Bb2 Re8 14. Nxe5 Bxe5 15. Bf3 Qc7 16. g3 Bh3 17. Qd3 Qd7 18. Re3 Ng4 19. Bxg4 (19. Re2 {with more complications.} Bf6 20. Bh1 Rxe2 21. Qxe2 Re8 22. Qd2) 19... Bxg4 (19... Qxg4 20. Rae1 $16) 20. f3 Bh5 21. Rae1 Bf6 22. Rxe8+ Rxe8 23. Rxe8+ Qxe8 24. Kf2 Bg6 25. Qd2 Qc8 26. c3 h5 27. Qe1 h4 (27... Bxd4+ $5 28. cxd4 Qc2+ 29. Qe2 Qb1 $17) 28. Bc1 Qh3 29. Qg1 Bxd4+ 30. cxd4 Qf5 {And now ...Qc2+ would win.} 31. Qe1 Bh5 32. Bf4 {[#]} (32. Qd1 $15) 32... g5 $1 $19 {[%cal Rg5f4]} 33. Qe5 Qc2+ {[%mdl 64] Double Attack} 34. Ke1 gxf4 35. Qxh5 {[%mdl 4096] Endgame KQ-KQ} Qb1+ (35... Qxa2 $6 36. Qg5+ Kf8 37. gxh4 $11) 36. Kf2 (36. Kd2 $17) 36... hxg3+ (36... Qxa2+ $19 {has better winning chances.} 37. Kf1 Qb1+ 38. Kg2 hxg3 39. hxg3 Qb2+ 40. Kh3 Qxd4 41. Qg5+ Qg7 42. Qxf4 Qh7+ 43. Kg2 Qc2+ 44. Kf1 Qd3+ 45. Kf2 Qc2+ 46. Kf1 Qd3+ 47. Kf2 Qc2+ 48. Kf1) 37. hxg3 $17 Qxa2+ 38. Kg1 Qb1+ (38... fxg3 39. Qg5+ Kh8 40. Qh4+ Kg7 41. Qg5+ Kh8 42. Qh4+ Kg7 43. Qxg3+ Kh7 44. Qh4+ Kg8 45. Qg5+ Kf8 46. Qd8+ Kg7 47. Qg5+ Kf8 48. Qxd5 $11) 39. Kg2 Qc2+ ({Reject} 39... Qxb3 40. Qg5+ Kh7 41. Qf5+ Kg8 42. Qg5+ Kh8 43. Qh6+ Kg8 44. Qg5+ $11) 40. Kg1 $2 (40. Kf1 $1 $15) 40... Qd1+ $2 ({And not} 40... Qxb3 41. Qg5+ Kf8 42. Qd8+ Kg7 43. Qg5+ Kf8 44. Qd8+ Kg7 45. Qg5+ Kh7 46. Qf5+ Kg8 47. Qg5+ Kh7 48. Qh5+ Kg8 49. Qg5+ $11) ({Black should play} 40... fxg3 $19 {( -> ...Qf2+)} 41. Qg5+ Kh7 42. Qh5+ Kg8 43. Qg5+ Kh7 44. Qh4+ Kg7 45. Qg5+ Kh7) 41. Kg2 $15 Qd2+ 42. Kf1 $2 (42. Kh3 $11 {and White is okay.}) 42... fxg3 $19 {[%csl Gg3][%cal Rd2f2]} 43. Qg4+ Kf8 {[%csl Gg3][%cal Rd2f2]} 44. Qc8+ Kg7 {[%csl Gg3][%cal Rd2f2]} 45. Qg4+ Kf6 {[%csl Gg3][%cal Rd2f2]} 46. Qh4+ Ke6 {[%csl Gg3][%cal Rd2f2]} 47. Qg4+ Ke7 {[%csl Gg3][%cal Rd2f2]} 48. Qh4+ Ke8 {[%csl Gg3][%cal Rd2f2]} 49. Qh8+ Kd7 {[%csl Gg3][%cal Rd2f2]} 50. Qh3+ Kd8 {[%csl Gg3][%cal Rd2f2]} 51. Qh4+ Kd7 {[%csl Gg3][%cal Rd2f2]} 52. Qh3+ $1 Ke7 {[%csl Gg3][%cal Rd2f2]} 53. Qh4+ {[#]} f6 $1 {[%csl Gg3][%cal Rd2f2]} 54. Qxg3 Qc1+ 55. Ke2 Qb2+ 56. Ke1 (56. Kf1 $17) 56... Qxd4 {Weighted Error Value: White=0.30/Black=0.26} ({Inferior is} 56... Qxb3 57. Qc7+ Ke8 58. Qc8+ Ke7 59. Qc7+ Kf8 60. Qc8+ Ke7 61. Qc7+ $11) 0-1

[Event "XVI Ugra Cup 2020"]
[Site "Khanty-Mansiysk"]
[Date "2020.12.05"]
[Round "6.6"]
[White "Schekachikhin, Maksim"]
[Black "Tsydypov, Zhamsaran"]
[Result "1/2-1/2"]
[WhiteElo "2416"]
[BlackElo "2558"]
[Annotator "RC"]
[PlyCount "104"]
[EventDate "2020.11.30"]
[EventType "swiss"]
[EventCountry "RUS"]
[SourceTitle "playchess.com"]
[Source "ChessBase"]
[SourceQuality "1"]
[TimeControl "5400+30"]

1. c4 {[%emt 0:00:00]} g6 {[%emt 0:00:00]} 2. e4 c5 {[%emt 0:01:56]} 3. Nf3 {[%emt 0:02:07]} Bg7 {[%emt 0:00:16]} 4. d4 {[%emt 0:00:59]} cxd4 {[%emt 0:02:45]} 5. Nxd4 {[%emt 0:00:13]} Nc6 {[%emt 0:00:23]} 6. Be3 {[%emt 0:01:14]} Qb6 {[%emt 0:00:21]} 7. Nb3 {[%emt 0:08:22]} Qc7 {[%emt 0:00:54]} 8. Qd2 {[%emt 0:04:21]} Nf6 {[%emt 0:01:04]} 9. f3 {[%emt 0:01:19]} Ne5 {[%emt 0:05:53]} 10. Nc3 {[%emt 0:08:55]} O-O {[%emt 0:02:13]} 11. Rc1 {[%emt 0:06:21]} d6 {[%emt 0:05:23]} 12. Nd5 {[%emt 0:01:45]} Qd8 {[%emt 0:00:11]} 13. Be2 {[%emt 0:00:40]} b6 {[%emt 0:00:44]} 14. O-O {[%emt 0:01:11]} Bb7 {[%emt 0:01:59]} 15. a4 {[%emt 0:13:32]} Nfd7 {[%emt 0:03:08]} 16. Nd4 {[%emt 0:07:40]} Nc6 {[%emt 0:04:41]} 17. b4 {[%emt 0:06:49]} Nxd4 {[%emt 0:01:17]} 18. Bxd4 {[%emt 0:00:06]} Bxd4+ {[%emt 0:00:05]} 19. Qxd4 {[%emt 0:00:05]} a5 {[%emt 0:01:06]} 20. Rb1 {[%emt 0:00:26]} Bc6 {[%emt 0:01:03]} 21. b5 {[%emt 0:08:43]} Bb7 {[%emt 0:01:05]} 22. f4 {[%emt 0:00:46]} e5 {[%emt 0:02:26]} 23. fxe5 {[%emt 0:02:26]} Bxd5 {[%emt 0:04:43]} 24. Qxd5 {[%emt 0:01:23]} dxe5 {[%emt 0:00:54]} 25. Rbd1 {[%emt 0:01:43]} Nc5 {[%emt 0:03:37]} 26. Qxe5 {[%emt 0:01:36]} Qb8 {[%emt 0:02:29]} 27. Qa1 {[%emt 0:07:21]} Ra7 {[%emt 0:01:06]} 28. e5 {[%emt 0:01:46]} Re7 {[%emt 0:02:01]} 29. Bf3 {[%emt 0:02:13]} Qxe5 {[%emt 0:01:50]} 30. Qxe5 {[%emt 0:00:54]} Rxe5 {[%emt 0:00:06]} 31. Rd6 {[%emt 0:00:04]} Re6 {[%emt 0:01:33]} 32. Rxe6 {[%emt 0:01:17]} fxe6 {[%emt 0:00:15]} 33. Rd1 {[%emt 0:00:29]} Kf7 {[%emt 0:01:42]} 34. Rd6 {[%emt 0:02:18]} Rb8 {[%emt 0:00:45]} 35. Rc6 {[%emt 0:00:55]} Kf6 {[%emt 0:00:39]} 36. Kf2 {[%emt 0:01:07]} Ke5 {[%emt 0:01:42]} 37. Ke3 {[%emt 0:00:32]} Nxa4 {[%emt 0:00:33]} 38. Rc7 {[%emt 0:00:36]} h6 {[%emt 0:00:22]} 39. Rg7 {[%emt 0:02:19]} g5 {[%emt 0:01:12]} 40. Rh7 {[%emt 0:01:20]} Nb2 {[%emt 0:03:09]} 41. Rxh6 {[%emt 0:00:51]} a4 {[%emt 0:03:43]} 42. Kd2 {[%emt 0:00:19]} Rc8 {[%emt 0:01:40]} 43. Rxe6+ {[%emt 0:00:51]} Kxe6 {[%emt 0:01:09]} 44. Bg4+ {[%emt 0:00:04]} Ke5 {[%emt 0:00:08]} 45. Bxc8 {[%emt 0:00:03]} Kd4 {[%emt 0:00:06]} 46. Kc2 {[%emt 0:01:32]} Nxc4 {[%emt 0:03:21]} 47. g3 {[%emt 0:00:49]} g4 {[%emt 0:01:18]} 48. Kb1 {[%emt 0:01:14]} Ne5 {[%emt 0:00:20]} 49. h3 {[%emt 0:01:17]} gxh3 {[%emt 0:00:23]} 50. Bxh3 {[%emt 0:00:05]} Kc3 {[%emt 0:01:20]} 51. Ka2 {[%emt 0:00:51]} Kb4 {[%emt 0:00:37]} 52. Bf1 {[%emt 0:00:11]} Ng4 1/2-1/2

[Event "XVI Ugra Cup 2020"]
[Site "Khanty-Mansiysk"]
[Date "2020.12.05"]
[Round "6.7"]
[White "Obgolts, Erik"]
[Black "Iljiushenok, Ilia"]
[Result "0-1"]
[WhiteElo "2371"]
[BlackElo "2539"]
[Annotator "TA"]
[PlyCount "136"]
[EventDate "2020.11.30"]
[EventType "swiss"]
[EventCountry "RUS"]
[SourceTitle "playchess.com"]
[Source "ChessBase"]
[SourceQuality "1"]

{[%evp 15,136,13,12,14,14,0,10,0,21,-14,20,37,34,31,31,28,27,34,52,37,63,-11,-14,-7,-9,-31,-20,-12,-15,-47,0,-23,-18,-27,-27,-27,-24,-27,-28,-27,-28,-39,-27,-27,-24,-39,-35,-39,-33,-25,-22,-71,-76,-74,-68,-105,-105,-102,-100,-98,-98,-95,-90,-99,-89,-95,-98,-98,-98,-98,-88,-98,-97,-108,-106,-116,-102,-115,-86,-104,-103,-146,-146,-120,-119,-231,-231,-231,-231,-231,-231,-231,-231,-231,-231,-231,-231,-231,-231,-231,-231,-231,-231,-231,-231,-231,-231,-231,-231,-29967,-29968,-29968,-29969,-29968,-29969,-29969,-29970,-29970,-29971,-29981,-29982,-29981,-29982]} 1. e4 e6 2. d4 d5 3. Nc3 Bb4 4. Nge2 dxe4 5. a3 Be7 6. Nxe4 Nf6 7. Nxf6+ {outshines the older 7.N2g3.} Bxf6 8. Be3 Nc6 9. Qd2 {C15: French: 3 Nc3 Bb4: Unusual White 4th moves.} b6 10. O-O-O Bb7 11. Nc3 {[#] The position is equal.} O-O $146 ({Predecessor:} 11... Ne7 12. Bg5 Nf5 13. Bxf6 Qxf6 14. Qf4 O-O-O 15. Nb5 Nd6 16. Qxf6 gxf6 17. f3 Nf5 18. Nxa7+ {½-½ (59) Kaaber Hansen,J (2143)-Kiss,J (2118) Copenhagen 2006}) 12. Rg1 e5 {[%cal Re5d4]} 13. d5 Nd4 $1 14. Kb1 c5 ({Much worse is} 14... Bxd5 15. Nxd5 Qxd5 16. c3 $16) 15. dxc6 Bxc6 16. Bd3 Qc7 17. Ne4 Be7 18. c3 (18. Bxd4 $14 exd4 19. Rge1) 18... Ne6 $11 19. Qc2 Rad8 20. g4 (20. Bc4 {is interesting.} Nf4 21. f3 b5 22. Ba2 a5 23. Rge1) 20... Nf4 21. Bxf4 exf4 22. f3 Kh8 23. Qe2 Qe5 24. Bc2 g6 25. Rxd8 Rxd8 26. Rd1 Rxd1+ 27. Qxd1 Kg7 28. Qd3 Bb5 29. Qd2 h6 30. Qf2 Bc4 31. Qg1 Kf8 32. Qd1 Bd5 33. Bb3 Bxe4+ {Black keeps a firm grip on the game.} 34. fxe4 Qxe4+ 35. Ka2 f3 36. Bd5 Qxg4 37. Bxf3 Qc4+ 38. Kb1 Kg7 39. h3 h5 40. Bd5 Qf4 41. Ka2 Qf5 42. Qh1 Qe5 43. Qg2 a5 44. a4 f5 45. Bb3 g5 46. Qa8 Qf6 47. Qg8+ Kh6 48. Bd1 g4 $1 49. hxg4 hxg4 50. Bxg4 (50. Bb3 $17 {was called for.}) 50... fxg4 $19 51. Qxg4 Qf7+ 52. Ka1 Qd5 53. Qh3+ Kg6 54. Qg3+ Bg5 {White must now prevent ...Qd1+.} 55. Qe1 Qc6 56. Qb1+ Kg7 57. Qd1 Bf6 58. Qg4+ Kf8 59. Kb1 Ke7 60. Kc2 Qd5 61. Qe2+ {Cut Off at move 61} Kd6 62. Qe8 $2 {[#]} (62. Qg4 $19) 62... Qf5+ $1 {Black mates.} 63. Kb3 {[#]} Qe6+ $1 64. Qxe6+ Kxe6 65. Kc4 Kd6 66. Kb5 Kc7 67. Ka6 Kc6 68. Ka7 {[#]} Bxc3 $1 {[%mdl 512] Weighted Error Value: White=0.12/Black=0.05} 0-1